Normal view
MARC view
- BOWER, B. M
Entry Personal Name
001 - CONTROL NUMBER
- control field: 79966
003 - CONTROL NUMBER IDENTIFIER
- control field: NUST
005 - DATE AND TIME OF LATEST TRANSACTION
- control field: 20210628210549.0
008 - FIXED-LENGTH DATA ELEMENTS
- fixed length control field: 210628|| aca||aabn | a|a d
040 ## - CATALOGING SOURCE
- Original cataloging agency: NUST
- Transcribing agency: NUST
100 ## - HEADING--PERSONAL NAME
- Personal name: BOWER, B. M
670 ## - SOURCE DATA FOUND
- Source citation: Work cat.: (NUST): BOWER, B. M, TRIGGER VENGEANCE, 1962
